Statistiques concernant Top 15 des villes les plus peuplées de Bourgogne-Franche-Comté

Cliquez ici pour prendre le quiz!

Statistiques générales

  • Ce quiz a été pris 68 fois
  • Le résultat moyen est 11 sur 15

Statistiques - réponses

PopulationsVilles% Correct
159 346Dijon
100%
119 198Besançon
91%
34 778Auxerre
88%
45 155Belfort
84%
34 448Mâcon
84%
45 031Chalon-sur-Saône
81%
25 573Montbéliard
81%
32 830Nevers
81%
23 775Dole
76%
20 032Beaune
74%
17 043Lons-le-Saunier
69%
27 034Sens
66%
20 731Le Creusot
47%
17 849Pontarlier
47%
16 831Montceau-les-Mines
33%

Distribution des résultats

Percentile par nombre de réponses

% des personnes avec chaque résultat

Votre développement - résultats

Vous n’avez pas pris ce quiz